000 00610nam a2200229Ia 4500
003 OSt
005 20221007072950.0
006 a|||||r|||| 00| 0
007 ta
008 221006b |||||||| |||| 00| 0 eng d
024 _a30,053
037 _cTextual
040 _aFLL
_cFLL
_beng
041 _2eng
_aeng
082 _aY1:45:5, H8;K5
100 _aBromberg Walter
_986587
245 0 _aCrime and the mind
260 _aLondon
_bThe Macmillan Company New York
_c1965
300 _axiv,431p
_ccm.
942 _hY1:45:5, H8;K5
_cTEXL
_2CC
999 _c1147369
_d1147369